000 00446cam a22001577a 4500
008 180718b2001 xxu||||| |||| 00| 0 eng d
020 _a1861970730
082 _aT1053 B227
100 _aBannock, Graham
245 _aDictionary of economics
_cby Graham Bannock, R.E. Baxter and Evan Davis
260 _aProfile Books
_bLondon
_c2001
300 _a439p.
650 _aEconomics - Dictionaries
700 _aDavis, Evan
700 _aBaxter, R.E.
999 _c399376
_d399376